000 01759nam a22001577a 4500
041 _aukr
080 _a09
090 _bХОМ
100 _aХоменюк, М. С.
245 _aСленг в інтернет-комунікації американських студентів
260 _aОстрог
_bКАФ
_c2013
300 _a71
520 _aВступ. Розділ І. Молодіжний американський сленг в загальній системі сленгу. 1.1. Визначення сленгу та його історія 1.2. Типологія сленгу 1.3. Варіативність та мінливість молодіжного сленгу 1.4. Джерела виникнення та сфери використання американського молодіжного сленгу Розділ ІІ. Функціонування амеиканського молодіжного сленгу в інтнрнет-комунікації. 2.1. Лінгвістичні особливості американського сленгу 2.2. Особливості перекладу американського сленгу 2.3. Сленг як особлива мовна субкультура Розділ ІІІ. Охорона праці. Протипожежна безпека на обєкті. 3.1. Комплекс заходів та засобів щодо забезпечення пожежної безпеки обєкта 3.2. Сиситема запобігання пожежі 3.3. Система протипожежного захисту Висновки. Список використаної літератури. Додатки.
650 _aResearch Papers
999 _c285355
_d285355
942 _cBK